| 000 | 00455nam a2200169Ia 4500 | ||
|---|---|---|---|
| 008 | 131103s9999 xx 000 0 und d | ||
| 040 | _aLoreto College | ||
| 041 | _aEnglish | ||
| 082 |
_a822.91/COW _bLCLIB(Press)/ |
||
| 100 | _aCoward, Noel | ||
| 245 |
_aPlay parade _cNoel Coward |
||
| 260 |
_aNew York _bDoubleday & Doran _c1933 |
||
| 300 |
_axvii,575p. _c 23cm. |
||
| 650 | _aEnglish drama - colection | ||
| 850 | _aLCLIB/822.91/COW | ||
| 942 | _cBK | ||
| 999 |
_c24760 _d75239 |
||